| 000 | 00625nam a2200217 i 4500 | ||
|---|---|---|---|
| 001 | 10572 | ||
| 003 | ES-MaACL | ||
| 005 | 20230906145919.0 | ||
| 007 | t| | ||
| 008 | 950825s1958 sp f |||| | spa d | ||
| 080 | _a635.64(460) | ||
| 100 | 1 |
_aTormo Rodríguez, Francisco. _9110656 |
|
| 245 | 1 | 3 |
_aEl tomate / _cpor Francisco Tormo. |
| 260 |
_aMadrid : _bPublicaciones Españolas, _c1958. |
||
| 300 |
_a29 p., [4] p. de lám. ; _c24 cm. |
||
| 490 | 1 |
_aTemas españoles ; _v384 |
|
| 650 | 1 | 4 |
_aTomates. _917550 |
| 830 | 0 |
_aTemas españoles ; _v384 _9178712 |
|
| 852 |
_aES-MaACL _jL-17829 |
||
| 999 |
_c10572 _d10572 |
||